Villes de France par réseaux routiers - Statistiques

Statistiques générales
  • Ce quiz a été pris 63 fois
  • Le résultat moyen est 9 sur 20
Statistiques - réponses
Par images Réponse % Correct
Paris
98%
Lyon
92%
Marseille
78%
Nice
73%
Bordeaux
67%
Lille
63%
Toulouse
63%
Nantes
58%
Versailles
58%
Le Havre
38%
Strasbourg
37%
Besançon
35%
Sète
28%
Arles
23%
Avignon
22%
Dunkerque
22%
Ajaccio
20%
Carcassonne
18%
Saint-Malo
17%
Le Touquet-Paris-Plage
10%
Aucun quiz correspondant
Distribution des résultats
% des personnes avec chaque résultat
Percentile par nombre de réponses
Votre historique - résultats
Vous n’avez pas pris ce quiz